000 00469cam a2200193ua 4500
001 5152
008 150221n ii |||gr||||Z||||||eng
040 _cMAIN
041 _aeng
082 _a821
100 _aChaucer, Geoffrey,
_eAuthor,
245 _aCanterbury tales
_cby Geoffrey Chaucer
250 _a1st.
260 _aEngland:
_bPenguin books,
_c1966.
300 _a525p:
_c15cm.
653 _aEnglish poetry
700 _aGohill, Nevill,
_eEditor,
942 _cBK
999 _c4334
_d4334